| 000 | 00485nam a2200157Ia 4500 | ||
|---|---|---|---|
| 008 | 160316s1988 xxu||||| |||| 00| 0 eng d | ||
| 082 |
_a345.000000 _bSMI |
||
| 100 | _aSmith J C | ||
| 245 | _aCriminal law | ||
| 250 | _a | ||
| 260 |
_aLondon _bButterworths _c1988 |
||
| 300 |
_a890p. _b20 cm _cciii |
||
| 365 | _bRs.490 | ||
| 650 | _a1.Criminal law - General Priciples - Conspiracy - Offences - Homicide 2.Against Reasons - Sexual Offences - Traffic Offences | ||
| 700 |
_aBrain Hogan _a |
||
| 999 |
_c1538 _d1538 |
||